[Event "Svetla nad Sazavou Mares Memorial"]
[Site "Svetla nad Sazavou"]
[Date "2023.12.29"]
[Round "3"]
[White "Vondra, Ales"]
[Black "Vojta, Tomas"]
[Result "0-1"]
[WhiteElo "1658"]
[BlackElo "2366"]
[PlyCount "50"]
[EventDate "2023.12.29"]
[EventType "swiss"]
[EventRounds "9"]
[EventCountry "CZE"]
[SourceTitle "CB02_2024"]
[SourceDate "2024.01.10"]
[SourceVersion "1"]
[SourceVersionDate "2024.01.10"]
[SourceQuality "1"]

1. d4 d5 2. Bf4 c5 3. e3 Nc6 4. c3 Nf6 5. Bd3 Qb6 6. Qc1 Bg4 7. Nd2 e6 8. Ngf3 Rc8 9. 0-0 Be7 10. Rb1 0-0 11. h3 Bh5 12. Ne5 cxd4 13. exd4 Nb4 14. a3 Nxd3 15. Nxd3 Be2 16. Ne5 Bxf1 17. Qxf1 Bd6 18. Ndf3 Rc7 19. Qd3 Ne4 20. Be3 f6 21. Ng4 Qc6 22. Rc1 b5 23. Ra1 a5 24. Rc1 Qd7 25. Rb1 Rfc8 0-1